Teach yourself visually web design/ (Record no. 124063)
[ view plain ]
| 000 -LEADER | |
|---|---|
| fixed length control field | 00458cam a2200157 4500 |
| 008 - FIXED-LENGTH DATA ELEMENTS--GENERAL INFORMATION | |
| fixed length control field | 150908n 000 0 eng u |
| 020 ## - INTERNATIONAL STANDARD BOOK NUMBER | |
| International Standard Book Number | 9780470881019 |
| 035 ## - SYSTEM CONTROL NUMBER | |
| System control number | (Sirsi) a192232 |
| 050 ## - LIBRARY OF CONGRESS CALL NUMBER | |
| Classification number | QA 76.9.W43 HUD 2011 |
| 100 ## - MAIN ENTRY--PERSONAL NAME | |
| Personal name | Huddleston, Rob |
| 245 ## - TITLE STATEMENT | |
| Title | Teach yourself visually web design/ |
| Statement of responsibility, etc. | Rob Huddleston |
| 260 ## - PUBLICATION, DISTRIBUTION, ETC. | |
| Place of publication, distribution, etc. | Indianapolis: |
| Name of publisher, distributor, etc. | Wiley Publishing, |
| Date of publication, distribution, etc. | 2011 |
| 300 ## - PHYSICAL DESCRIPTION | |
| Extent | 353p.: |
| Other physical details | ill. |
| 504 ## - BIBLIOGRAPHY, ETC. NOTE | |
| Bibliography, etc. note | Includes index |
| 650 ## - SUBJECT ADDED ENTRY--TOPICAL TERM | |
| Topical term or geographic name entry element | Web databases |
| Withdrawn status | Lost status | Source of classification or shelving scheme | Damaged status | Not for loan | Home library | Current library | Shelving location | Total Checkouts | Full call number | Barcode | Date last seen | Date last checked out | Copy number | Price effective from | Koha item type |
|---|---|---|---|---|---|---|---|---|---|---|---|---|---|---|---|
| Library of Congress Classification | Main Library | Main Library | On Shelf | 1 | QA 76.9.W43 HUD 2011 | 33729005281774 | 08/13/2024 | 07/27/2024 | 1 | 08/22/2019 | Book |